| 000 | 00354 a2200121 4500 | ||
|---|---|---|---|
| 020 | _a007053246X | ||
| 082 | _a005.133 SCH | ||
| 100 | _aSchildt, Herbert. | ||
| 245 |
_aC++ : _bthe complete reference _cHerbert Schildt. |
||
| 250 | _a4th ed. | ||
| 260 |
_aNew Delhi : _bTata McGraw-Hill, _c2005. |
||
| 300 |
_axxxii, 1023 p. : _bill. ; _c24 cm. |
||
| 650 | _aC++ (Computer program language) | ||
| 999 |
_c140 _d140 |
||